Sociolinguistic Analysis of the New Testament : Theories and Applications /
This book introduces sociolinguistic criticism to New Testament studies. The individual essays cover a wide range of sociolinguistic theories (multilingualism, speech communities and individuals, language and social domains, diglossia, digraphia, codeswitching, language maintenance and shift, commun...
المؤلف الرئيسي:
التنسيق: كتاب الكتروني
اللغة: English
منشور في:
Leiden; Boston :
BRILL,
2022.
سلاسل:
Biblical Interpretation Series ;
195.
الموضوعات:
الوصول للمادة أونلاين: Login to view Source
الوسوم: إضافة وسم
رقم الطلب: BR1
| LEADER | 02400nam a22004458i 4500 | ||
|---|---|---|---|
| 001 | BRILL9789004499744 | ||
| 003 | nllekb | ||
| 005 | 20230510123245.0 | ||
| 006 | m d | ||
| 007 | cr un uuuua | ||
| 008 | 200716s2022 ne sb 001 0 eng d | ||
| 020 | |a 9789004499744 |q (electronic book) | ||
| 020 | |a 9789004499737 |q (print) | ||
| 024 | 7 | |a 10.1163/9789004499744 |2 DOI | |
| 035 | |z (OCoLC)1259586122 | ||
| 040 | |a NL-LeKB |c NL-LeKB |e rda | ||
| 050 | 4 | |a BR1 | |
| 072 | 7 | |a HRCF2 |2 bicssc | |
| 072 | 7 | |a REL |x 006100 | |
| 082 | 0 | 4 | |a 205 |2 23 |
| 100 | 1 | |a Ong, Hughson T., |e author. | |
| 245 | 1 | 0 | |a Sociolinguistic Analysis of the New Testament : |b Theories and Applications / |c Hughson T. Ong. |
| 246 | 3 | |a Theories and Applications | |
| 264 | 1 | |a Leiden; |a Boston : |b BRILL, |c 2022. | |
| 300 | |a 1 online resource. | ||
| 336 | |a text |b txt |2 rdacontent | ||
| 337 | |a computer |b c |2 rdamedia | ||
| 338 | |a online resource |2 rdacarrier | ||
| 490 | 1 | |a Biblical Interpretation Series ; |v 195 | |
| 504 | |a Includes bibliographical references and index. | ||
| 520 | |a This book introduces sociolinguistic criticism to New Testament studies. The individual essays cover a wide range of sociolinguistic theories (multilingualism, speech communities and individuals, language and social domains, diglossia, digraphia, codeswitching, language maintenance and shift, communication accommodation theory, social identity theory, linguistic politeness theory, discourse analysis, conversation analysis, register analysis, interactional sociolinguistics, ethnography of communication, etc.) that treat topics and issues pertaining to the language and sociolinguistic contexts of the New Testament, social memory, orality and literacy, and the oral traditions of the Gospels, and various texts and genres in the New Testament. | ||
| 588 | |a Description based on print version record. | ||
| 650 | 0 | |a Biblical Interpretations. | |
| 650 | 0 | |a New Testament & Early Christian. | |
| 776 | 0 | 8 | |i Print version: |t Sociolinguistic Analysis of the New Testament : Theories and Applications. |d Leiden ; Boston : BRILL, 2022 |z 9789004499737 |
| 830 | 0 | |a Biblical Interpretation Series ; |v 195. | |
| 856 | 4 | |z DOI: |u http://dx.doi.org/10.1163/9789004499744 | |
| 942 | |2 lcc |c EBOOK | ||
| 952 | |0 0 |1 0 |2 lcc |4 0 |6 BR0001 |7 1 |9 47249 |a BRILL |b BRILL |d 2023-05-10 |l 0 |o BR1 |r 2023-05-10 00:00:00 |w 2023-05-10 |y EBOOK | ||
| 999 | |c 52755 |d 52755 | ||
